000 01304nam a2200337 a 4500
001 ebr10621151
003 CaPaEBR
006 m u
007 cr cn|||||||||
008 051011s2002 enka sb 001 0 eng d
010 _z 2005432968
020 _z0854049843
020 _z9780854049844
020 _z9781847550699 (e-book)
040 _aCaPaEBR
_cCaPaEBR
035 _a(OCoLC)232637397
050 1 4 _aTA455.C43
_bH39 2002eb
082 0 4 _a620.14
_221
100 1 _aHayfield, P. C. S.
245 1 0 _aDevelopment of a new material
_h[electronic resource] :
_bMonolithic Ti4O7 Ebonex Ceramic /
_cP.C.S. Hayfield.
260 _aCambridge :
_bRoyal Society of Chemistry,
_c2002.
300 _a97 p. :
_bill.
504 _aIncludes bibliographical references and index.
533 _aElectronic reproduction.
_bPalo Alto, Calif. :
_cebrary,
_d2011.
_nAvailable via World Wide Web.
_nAccess may be limited to ebrary affiliated libraries.
650 0 _aCeramic materials.
650 0 _aCeramic materials
_xElectric properties.
655 7 _aElectronic books.
_2local
710 2 _aRoyal Society of Chemistry (Great Britain)
710 2 _aebrary, Inc.
856 4 0 _uhttp://site.ebrary.com/lib/rucke/Doc?id=10621151
_zAn electronic book accessible through the World Wide Web; click to view
999 _c56675
_d56675